00557nam a22001817a 4500003000400000005001700004008004100021020002200062040002900084050002300113100002400136245006500160250001200225260003800237300001000275650005500285650003500340OSt20250721161519.0250721b |||||||| |||| 00| 0 eng d a978-0-07-338134-3 cChuka University Library aHD 62.4b.H55 2009 aHill, Charles W. L. aInternational business: Competing in the global marketplace a7th ed. aNew YorkbMcGraw-Hill/Irwinc2009 a738p. a1. International business enterprises---management a2. Compensation, international